| 000 | 01187nam a2200349 i 4500 | ||
|---|---|---|---|
| 001 | 56618 | ||
| 003 | KOSZ 005 | ||
| 005 | 20210910111607.0 | ||
| 008 | 090813s2005 sz a f |001 0 eng d | ||
| 020 | _a9782888930600 | ||
| 040 |
_cKOSZ 005 _aKOSZ 005 _dKOSZ 005/HR |
||
| 046 | _k2005 | ||
| 080 | _a7.05 | ||
| 100 | 1 |
_aBrower, Cara _eAutor |
|
| 245 | 1 | 0 |
_aExperimental eco - design : _barchitecture, fashion, product / _cCara Brower, Rachel Mallory, Zachary Ohlman. |
| 260 |
_aHove : _bRotoVision, _ccop. 2009. |
||
| 300 |
_a163, [13] s. : _bil. kolor. ; _c22 cm. |
||
| 380 | _aKsiążki | ||
| 388 | _a2001- | ||
| 504 | _aIndeks. | ||
| 650 | 4 | _aWzornictwo przemysłowe | |
| 650 | 4 | _aProjektowanie zrównoważone | |
| 658 | _aInżynieria i technika | ||
| 658 | _aArchitektura i budownictwo | ||
| 658 | _aKultura i sztuka | ||
| 700 | 1 |
_aMallory, Rachel _eAutor |
|
| 700 | 1 |
_aOhlman, Zachary _eAutor |
|
| 710 | 2 | _aRotoVision | |
| 856 |
_uhttp://koha.tu.koszalin.pl/cgi-bin/koha/opac-detail.pl?biblionumber=56618 _yKatalog online BPK |
||
| 942 |
_cKS _2UKD |
||
| 999 |
_c56618 _d56618 |
||